Entry Personal Name
Number of records used in: 1
001 - CONTROL NUMBER
003 - CONTROL NUMBER IDENTIFIER
005 - DATE AND TIME OF LATEST TRANSACTION
- control field:
20221031150654.0
008 - FIXED-LENGTH DATA ELEMENTS
- fixed length control field:
200103n| azannaabn |n aaa c
010 ## - LIBRARY OF CONGRESS CONTROL NUMBER
- LC control number:
no2020000763
035 ## - SYSTEM CONTROL NUMBER
- System control number:
(OCoLC)oca12670184
040 ## - CATALOGING SOURCE
- Original cataloging agency:
TNJ
- Language of cataloging:
eng
- Description conventions:
rda
- Transcribing agency:
TNJ
100 1# - HEADING--PERSONAL NAME
- Personal name:
Bradshaw, Shannon
372 ## - FIELD OF ACTIVITY
- Field of activity:
MongoDB
- Source of term:
lcsh
372 ## - FIELD OF ACTIVITY
- Field of activity:
Database management
- Source of term:
lcsh
373 ## - ASSOCIATED GROUP
- Associated group:
Henry B. Tippie College of Business
373 ## - ASSOCIATED GROUP
- Associated group:
Drew University
375 ## - GENDER
377 ## - ASSOCIATED LANGUAGE
670 ## - SOURCE DATA FOUND
- Source citation:
Chodorow, Kristina. MongoDB - the definitive guide, 2018:
- Information found:
title page (Shannon Bradshaw) page 4 of cover (VP of education at MongoDB; was assistant professor at the University of Iowa's Tippie College of Business and chair of computer science at Drew University)